A beszédhang-megkülönböztető képesség és készség kérdésköréhez

Elmentve itt :
Bibliográfiai részletek
Szerzők: Soós Istvánné
Török Gábor
Dokumentumtípus: Cikk
Megjelent: 1976
Sorozat:Módszertani közlemények 16 No. 4
Kulcsszavak:Neveléstudomány
Online Access:http://acta.bibl.u-szeged.hu/26603
LEADER 00686nab a2200193 i 4500
001 acta26603
005 20210224135429.0
008 161017s1976 hu o 0|| hun d
022 |a 0544-7224 
040 |a SZTE Egyetemi Kiadványok Repozitórium  |b hun 
041 |a hun 
100 1 |a Soós Istvánné 
245 1 2 |a A beszédhang-megkülönböztető képesség és készség kérdésköréhez  |h [elektronikus dokumentum] /  |c  Soós Istvánné 
260 |c 1976 
300 |a 207-214 
490 0 |a Módszertani közlemények  |v 16 No. 4 
695 |a Neveléstudomány 
700 0 1 |a Török Gábor  |e aut 
856 4 0 |u http://acta.bibl.u-szeged.hu/26603/1/modszertani_016_004_207-214.pdf  |z Dokumentum-elérés